Library Banner

Essentials of cardiopulmonary physical therapy / (Record no. 130101)

MARC details
000 -LEADER
fixed length control field 00602cam a2200205 a 4500
001 - CONTROL NUMBER
control field 16856569
005 - DATE AND TIME OF LATEST TRANSACTION
control field 20230121120936.0
008 - FIXED-LENGTH DATA ELEMENTS--GENERAL INFORMATION
fixed length control field 110705s2011 moua b 001 0 eng
020 ## - INTERNATIONAL STANDARD BOOK NUMBER
International Standard Book Number 9780323751520
040 ## - CATALOGING SOURCE
Transcribing agency PK-LaUMT
082 00 - DEWEY DECIMAL CLASSIFICATION NUMBER
Classification number 616.1062
Edition number 23
Item number HIL-E
100 ## - MAIN ENTRY--PERSONAL NAME
Personal name Hilleghass, Ellen
245 00 - TITLE STATEMENT
Title Essentials of cardiopulmonary physical therapy /
Statement of responsibility, etc by Ellen Hillegass
250 ## - EDITION STATEMENT
Edition statement 5th ed.
260 ## - PUBLICATION, DISTRIBUTION, ETC. (IMPRINT)
Place of publication, distribution, etc Missouri :
Name of publisher, distributor, etc Elsevier,
Date of publication, distribution, etc 2022
300 ## - PHYSICAL DESCRIPTION
Extent 822 p. :
Other physical details ill. ;
Dimensions 28 cm.
650 #0 - SUBJECT ADDED ENTRY--TOPICAL TERM
Topical term or geographic name as entry element Cardiopulmonary system
General subdivision Diseases
-- Physical therapy.
700 1# - ADDED ENTRY--PERSONAL NAME
Personal name Hillegass, Ellen A.
942 ## - ADDED ENTRY ELEMENTS (KOHA)
Koha item type Books
Holdings
Withdrawn status Lost status Damaged status Home library Current library Date acquired Full call number Barcode Date last seen Price effective from Koha item type Copy number
      UMT Health Sciences Campus UMT Health Sciences Campus 2023-01-21 616.1062 HIL-E 144451 2023-02-17 2023-01-21 Books  
      UMT Health Sciences Campus UMT Health Sciences Campus 2026-03-05 616.1062 HIL-E 152185 2026-03-05 2026-03-05 Books C.2